Antharastiya samparka. (Record no. 485)

MARC details
000 -LEADER
fixed length control field 00517cam a2200205ua 4500
001 - CONTROL NUMBER
control field 548
005 - DATE AND TIME OF LATEST TRANSACTION
control field 20260515113201.0
008 - FIXED-LENGTH DATA ELEMENTS--GENERAL INFORMATION
fixed length control field 110407n ii |||gr||||Z||||||eng
020 ## - INTERNATIONAL STANDARD BOOK NUMBER
International Standard Book Number 81-7339-141-6
040 ## - CATALOGING SOURCE
Transcribing agency MAIN
082 ## - DEWEY DECIMAL CLASSIFICATION NUMBER
Classification number 327
245 11 - TITLE STATEMENT
Title Antharastiya samparka.
Statement of responsibility, etc. By Dilip Kumar Chakraworty.
250 ## - EDITION STATEMENT
Edition statement 1st.
260 ## - PUBLICATION, DISTRIBUTION, ETC.
Place of publication, distribution, etc. Dibrugarh.:
Name of publisher, distributor, etc. Banalata.,996.
300 ## - PHYSICAL DESCRIPTION
Extent 380 p.:6 cm.
653 ## - INDEX TERM--UNCONTROLLED
Uncontrolled term Political science.
653 ## - INDEX TERM--UNCONTROLLED
Uncontrolled term International relation.
700 ## - ADDED ENTRY--PERSONAL NAME
Personal name Chakraworty, Dilip Kumar.,
942 ## - ADDED ENTRY ELEMENTS (KOHA)
Koha item type Books
Holdings
Withdrawn status Lost status Damaged status Not for loan Home library Current library Shelving location Date acquired Total checkouts Full call number Barcode Date last seen Copy number Price effective from Koha item type
        Naharkatiya College Library Naharkatiya College Library General stacks 09/19/2020   327 | CHA 1066 09/19/2020 2 09/19/2020 Books
        Naharkatiya College Library Naharkatiya College Library General stacks 09/19/2020   327 | CHA 1067 09/19/2020 1 09/19/2020 Books